Railway Logos - Statistics

General Stats
  • This quiz has been taken 44 times
    23 since last reset
  • The average score is 14 of 20
Answer Stats
Picture Answer % Correct
Canada (VIA Rail)
100%
France (SNCF)
95%
United States (Amtrak)
95%
Germany (Deutsche Bahn)
90%
Greece (OSE)
86%
Italy (Rete Ferroviaria Italiana)
86%
Spain (Renfe-Operadora)
86%
India (Indian Railways)
81%
Ireland (Iarnród Éireann)
81%
Japan (Japan Railways)
81%
Netherlands (Nederlandse Spoorwegen)
76%
Switzerland (SBB CFF FFS)
76%
Denmark (Danske Statsbaner)
62%
Israel (Israel Railways)
62%
Sweden (Trafikverket)
62%
China (China Railway)
57%
Portugal (Comboios de Portugal)
52%
Russia (RZD)
52%
Australia (Australian National)
33%
Norway (Vy)
19%
No matching quizzes found
Score Distribution
Percent of People with Each Score
Percentile by Number Answered
Your Score History
You have not taken this quiz since the last reset